000 00795cab a2200241 4500
001 WB3245-13
008 090401t1996 xxu||||| |||| 00| 0 eng d
035 _a(Sirsi) u60275
041 _aeng
245 _aFailure to securitise
260 _c1996
350 _a0
490 _aRICS Press Release
_v(PR147.corp) 27 November 1996, (10
520 _aThe failure to introduce a system of property securitisation will help Britain`s European rivals develop a competitive lead in dealing with property investment business according to the RICS.
650 _aBUDGET 1996
650 _aPROPERTY INVESTMENT
650 _aPROPERTY SECURITISATION
650 _aRICS
650 _aSECURITISATION
690 _aPROPERTY-PROPERTY FINANCE AND INVESTMENT
942 _n0
948 _c04/03/1997
999 _c37141
_d37141